Представление документа в формате RUSMARC

ПолеНазваниеЗначение
  Тип записи a
  Библиографический уровень a
001 Контрольный номер 544651af27f44133a3436313aa68e00b
005 Дата корректировки 20161026145113.8
100 Данные общей обработки __
a Данные общей обработки 20161025 ||| 0rusy0189 ca
101 Язык документа 0_
a Язык текста rus
102 Страна публикации __
a Страна публикации RU
200 Заглавие и сведения об ответственности 1_
a Заглавие Управление товарными запасами в торговом предприятии
f Первые сведения об ответственности Э. В. Порхун
463 Уровень физической единицы _0
1 2000
a Актуальные вопросы социально-экономического развития организаций в научных исследованиях
b Текст
e Сборник статей по итогам Международной научно-практической конференции 25 февраля 2016 года
v С. 203-206
1 2101
d 2016
1 001ced8c242f3754e33b168fc18993e8aed
610 Ключевые слова 0_
a Ключевые слова товарные запасы
a Ключевые слова товарное обращение
a Ключевые слова торговые организации
700 Автор _1
a Фамилия Порхун
b Имя Э. В.
801 Источник записи _0
a Страна RU
b Организация РУК
c Дата составления 20161025
g Правила каталогизации PSBO
801 Источник записи _1
a Страна RU
b Организация РУК
c Дата составления 20161025
g Правила каталогизации PSBO
901 Тип документа __
t Тип документа a
w Контрольный № источника ced8c242f3754e33b168fc18993e8aed
937 Технологическая информация __
a Создатель записи (имя) Поздеева
938 Служебная информация __
a Название организации Волгоградский филиал